Giáo trình toán cơ sở hệ cử nhân giáo dục mầm non

Cơ sở lôgic toán. Cơ sở lí thuyết tập hợp. Số tự nhiên và hệ ghi số

Đã lưu trong:
Bibliografiske detaljer
Hovedforfatter: Hoàng Nam Hải
Andre forfattere: Mã Thanh Thủy
Format: Bog
Sprog:Vietnamese
Udgivet: Đà Nẵng Nxb. Đà Nẵng 2017
Fag:
Tags: Tilføj Tag
Ingen Tags, Vær først til at tagge denne postø!
Thư viện lưu trữ: Mạng thư viện Đại học Đà Nẵng
LEADER 01341nam a2200361 4500
001 000024963
003 21454
005 20170410070456.0
008 170407s2017 viesd
020 |c 60000 
041 0 |a vie 
082 1 4 |a 372.7  |b HO-H 
100 1 |a Hoàng Nam Hải 
245 1 0 |a Giáo trình toán cơ sở hệ cử nhân giáo dục mầm non  |c Hoàng Nam Hải, Mã Thanh Thủy 
260 |a Đà Nẵng  |b Nxb. Đà Nẵng  |c 2017 
300 |a 133 tr.  |b hình vẽ  |c 21 cm. 
500 |a ĐTTS ghi: Đại học Đà Nẵng - Trường Đại học Sư Phạm 
520 3 |a Cơ sở lôgic toán. Cơ sở lí thuyết tập hợp. Số tự nhiên và hệ ghi số 
650 0 4 |a Toán học  |v Giáo trình  |x Giáo dục mầm non 
653 |a Toán 
653 |a Phương pháp giảng dạy 
653 |a Giáo dục mầm non 
700 1 |a Mã Thanh Thủy 
OWN |a LSP 
AVA |a UDN50  |b LSP  |d 372.7 HO-H  |e check_holdings  |t Error 5003 Not defined in file expand_doc_bib_avail.  |h N  |k 1 
999 |a From the UDN01 
AVA |a UDN50  |b LSP  |d 372.7 HO-H  |e available  |t Error 5001 Not defined in file expand_doc_bib_avail.  |f 65  |g 0  |h N  |i 18  |k 1 
TYP |a Monograph 
TYP |a Printed language 
980 |a Mạng thư viện Đại học Đà Nẵng